Statistics for Multiples of 23 Quiz

Click here to take the quiz!

General Stats

  • This quiz has been taken 62 times
  • The average score is 23 of 25

Answer Stats

Answer% Correct
23
98%
46
98%
69
98%
115
96%
92
96%
138
94%
161
94%
184
94%
207
94%
230
94%
253
92%
276
92%
299
92%
322
92%
345
92%
368
92%
391
92%
414
92%
437
92%
460
92%
483
92%
506
92%
529
92%
552
92%
575
92%

Score Distribution

Percentile by Number Answered

Percent of People with Each Score

Your Score History

You have not taken this quiz